000 00976nam a2200253 i 4500
001 186363
003 SpMaBN
005 20230906222644.0
008 161028s1980 xxk d |||| | eng d
020 _a0-460-03029-9
080 _a802.0-321.3
100 1 _aJones, Daniel.
_966836
245 1 0 _aEveryman's English pronouncing dictionary
_b: containing over 59000 words in international phonetic transcription /
_coriginally compiled by Daniel Jones ; extensively revised and edited by A.C. Gimson.
250 _a14th. ed., repr.
260 _aLondon :
_bJ.M. Dent & Sons,
_c1980.
300 _aXXXII, 560 p. ;
_c20 cm.
490 1 _aEveryman's reference library
650 0 7 _aLengua inglesa-
_xPronunciación.
_914284
650 0 4 _aLengua inglesa-
_vDiccionarios.
_914269
700 1 _aGimson, A. C.
_9139714
830 0 _aEveryman's reference library
_9192535
852 _aES-MaACL
_jL-30728
_z- enc. cart.
_z. - Donat. Miguel A. Velasco
999 _c186363
_d186363